000 00490nam a2200169Ia 4500
003 GCL
008 140319s9999 xx 000 0 ara d
040 _aGCL /
_cGCL
082 0 4 _a621.56
_bا ص
100 1 _aصبرى بولس
245 1 0 _aاصلاح وصيانة اجهزة التبريد وتكيف الهواء /
_cصبرى بولس
260 _a[S.N] :
_bفؤاد هاشم الكتبى ،
_c1981
300 _a318 ص
490 _a
650 0 4 _aالتبريد
942 _2ddc
_cBK
999 _c43359
_d43359